Barbeyrac interprete di Pufendorf e Grozio. Dalla costruzione della sovranità alla teoria della resistenza.
Guardat en:
| Autor principal: | |
|---|---|
| Format: | Llibre |
| Publicat: |
Napoli, Italia:
Scientifica,
2003.
|
| Col·lecció: | Pensiero giuridico e politico. Saggi,
|
| Matèries: | |
| Etiquetes: |
Afegir etiqueta
Sense etiquetes, Sigues el primer a etiquetar aquest registre!
|
MARC
| LEADER | 00000nam a22000007a 4500 | ||
|---|---|---|---|
| 003 | CL-VaPUC | ||
| 005 | 20220822114720.0 | ||
| 008 | 220725t2003 ||||| |||| 00| 0 eng d | ||
| 999 | |c 437527 |d 437525 | ||
| 020 | |a 88-88321-51-9 | ||
| 040 | |c Pontificia Universidad Católica de Valparaíso | ||
| 082 | 7 | |a 340 LAB 2003 |2 22 | |
| 100 | 1 | |a Labriola, Giulia Maria |e autora |9 873860 | |
| 245 | |a Barbeyrac interprete di Pufendorf e Grozio. |b Dalla costruzione della sovranità alla teoria della resistenza. | ||
| 260 | |a Napoli, Italia: |b Scientifica, |c 2003. | ||
| 300 | |a 706 páginas. | ||
| 490 | |a Pensiero giuridico e politico. Saggi, |n I. | ||
| 500 | |a c.1 Donación Familia Prof. Alejandro Guzmán Brito. | ||
| 583 | |c 20220725 |k Cristina María Rojas Aguilar | ||
| 600 | 0 | |a Pufendorf, Samuel von |9 870470 |d 1632-1694. | |
| 600 | 0 | |a Barbeyrac, Jean, |d 1674-1744. |9 873980 | |
| 600 | 0 | |a Grotius, Hugo, |9 399147 |d 1583-1645. | |
| 650 | |a Derecho natural |9 255041 | ||
| 650 | |a Derecho |x Teoría |9 866253 | ||
| 942 | |2 ddc |c BK |n 0 | ||
| 952 | |0 0 |1 0 |2 ddc |4 0 |6 340_000000000000000_LAB_2003 |7 1 |8 C_AGB |9 585298 |a BIBDER |b BIBDER |d 2022-07-25 |e Donación |i 5653332 |o 340 LAB 2003 |p 5653332 |r 2023-01-25 |t 1 |w 2022-07-25 |y BK_US |k AGB | ||